00550 2200193 4500001002100000005001500021035002000036008004100056245009800097100002000195260004700215300001100262084001400273082000800287650001500295250000600310020002200316990001800338INLIS00000000000034720240813102931 a0010-0724000347240813 0 ind 1 aBelajar Berhitung Microsoft Excel :bYang Aneh-aneh tapi Benar-Benar fakta /cTIM Ensiklomini aTIM ensiklomini aTangerang :bPT Panca Anugrah Sakti,c2010 a72 hlm a005 TIM e a005 4aKarya Umum a2 a978-979-1420-73-0 aP29/CP/24/347